State course of study, elementary schools of Virginia: (Record no. 20900)
[ view plain ]
| 000 -LEADER | |
|---|---|
| fixed length control field | 00999cam a22002531 4500 |
| 001 - CONTROL NUMBER | |
| control field | e 28000046 |
| 003 - CONTROL NUMBER IDENTIFIER | |
| control field | DLC |
| 005 - DATE AND TIME OF LATEST TRANSACTION | |
| control field | 20260227111218.0 |
| 008 - FIXED-LENGTH DATA ELEMENTS--GENERAL INFORMATION | |
| fixed length control field | 810212s1926 vau 000 0 eng c |
| 010 ## - LIBRARY OF CONGRESS CONTROL NUMBER | |
| LC control number | e 28000046 |
| 035 ## - SYSTEM CONTROL NUMBER | |
| System control number | (OCoLC)7121534 |
| 040 ## - CATALOGING SOURCE | |
| Original cataloging agency | Library, U.S. Office of Education |
| Transcribing agency | Vi |
| Modifying agency | Vi |
| -- | DLC |
| 042 ## - AUTHENTICATION CODE | |
| Authentication code | premarc |
| 050 00 - LIBRARY OF CONGRESS CALL NUMBER | |
| Classification number | LB1561.V8 |
| Item number | A3 1926 |
| 110 1# - MAIN ENTRY--CORPORATE NAME | |
| Corporate name or jurisdiction name as entry element | Virginia. |
| Subordinate unit | State Board of Education. |
| 245 10 - TITLE STATEMENT | |
| Title | State course of study, elementary schools of Virginia: |
| Remainder of title | physical and health education. |
| 260 ## - PUBLICATION, DISTRIBUTION, ETC. | |
| Place of publication, distribution, etc. | Richmond, |
| Name of publisher, distributor, etc. | D. Bottom, Supt. of Public Print., |
| Date of publication, distribution, etc. | 1926. |
| 300 ## - PHYSICAL DESCRIPTION | |
| Extent | 163 p. |
| Other physical details | illus. (music) |
| Dimensions | 23 cm. |
| 490 1# - SERIES STATEMENT | |
| Series statement | Its Bulletin. |
| Volume/sequential designation | vol. 9, no. 1. July, 1924. Suppl. no. 1 |
| 500 ## - GENERAL NOTE | |
| General note | "Prepared by Eliot V. Graves, state supervisor of physical education."--Foreword. |
| 650 #0 - SUBJECT ADDED ENTRY--TOPICAL TERM | |
| Topical term or geographic name entry element | Physical education and training |
| Geographic subdivision | Virginia. |
| 700 1# - ADDED ENTRY--PERSONAL NAME | |
| Personal name | Graves, Eliot V. |
| 810 1# - SERIES ADDED ENTRY--CORPORATE NAME | |
| Corporate name or jurisdiction name as entry element | Virginia. |
| Subordinate unit | State Board of Education. |
| Title of a work | Bulletin. |
| Volume/sequential designation | vol. 9, no. 1. July, 1924. Suppl. no. 1. |
No items available.